Central Library OPAC University of Rajshahi

Science, mind, and psychology : (Record no. 1379)

MARC details
000 -LEADER
fixed length control field 01119cam a2200337 a 4500
001 - CONTROL NUMBER
control field 1379
003 - CONTROL NUMBER IDENTIFIER
rucl marc code BD-RjUL
005 - DATE AND TIME OF LATEST TRANSACTION
control field 20211208233328.0
008 - FIXED-LENGTH DATA ELEMENTS--GENERAL INFORMATION
fixed length control field 131125s1989 mdua b 011 0 eng
020 ## - INTERNATIONAL STANDARD BOOK NUMBER
International Standard Book Number 0819175579 (alk. paper)
International Standard Book Number 0819175587 (pbk. : alk. paper)
035 ## - SYSTEM CONTROL NUMBER
System control number (BD-RjUL)1401
040 ## - CATALOGING SOURCE
Original cataloging agency DLC
Transcribing agency DLC
Modifying agency DLC
-- BD-RjUL
Language of cataloging eng
041 ## - LANGUAGE CODE
Language code of text/sound track or separate title eng
082 00 - DEWEY DECIMAL CLASSIFICATION NUMBER
Classification number 191
Edition number 20
Author mark and year SCI 1989
245 00 - TITLE STATEMENT
Title Science, mind, and psychology :
Remainder of title essays in honor of Grover Maxwell /
Statement of responsibility, etc. edited by Mary Lou Maxwell & C. Wade Savage.
260 ## - PUBLICATION, DISTRIBUTION, ETC. (IMPRINT)
Place of publication, distribution, etc. Lanham, MD :
Name of publisher, distributor, etc. University Press of America,
Date of publication, distribution, etc. c1989.
300 ## - PHYSICAL DESCRIPTION
Pagination xxvi, 449 p. :
Illustrations ill. ;
Size 24 cm.
504 ## - BIBLIOGRAPHY, ETC. NOTE
Bibliography, etc Includes bibliographical references and index.
Bibliography, etc "Maxwell bibliography": p. [431]-435.
600 10 - SUBJECT ADDED ENTRY--PERSONAL NAME
Personal name Maxwell, Grover.
650 #0 - SUBJECT ADDED ENTRY--TOPICAL TERM
Topical term or geographic name as entry element Mind and body.
9 (RLIN) 4084
Topical term or geographic name as entry element Science
General subdivision Philosophy.
9 (RLIN) 4085
Topical term or geographic name as entry element Psychology
General subdivision Philosophy.
9 (RLIN) 3711
700 1# - ADDED ENTRY--PERSONAL NAME
Personal name Maxwell, Grover.
Personal name Maxwell, Mary Lou.
Personal name Savage, C. Wade.
942 ## - ADDED ENTRY ELEMENTS (KOHA)
Source of classification or shelving scheme Dewey Decimal Classification
Koha item type Books
Holdings
Lost status Source of classification or shelving scheme Damaged status Not for loan Collection code Permanent Location Current Location Shelving location Date acquired Source of acquisition Cost, normal purchase price Total Checkouts Full call number Date last seen Copy number Koha item type
  Dewey Decimal Classification   Not For Loan Non-fiction Central Library, University of Rajshahi Central Library, University of Rajshahi Reading Room 18/12/1997 Aligarh library Rajshahi 41.95   191 SCI 1989 25/11/2013 C-1 Books